<?xml version="1.0" encoding="UTF-8"?><?xml-stylesheet type="text/xsl" href="static/style.xsl"?><OAI-PMH xmlns="http://www.openarchives.org/OAI/2.0/" xmlns:xsi="http://www.w3.org/2001/XMLSchema-instance" xsi:schemaLocation="http://www.openarchives.org/OAI/2.0/ http://www.openarchives.org/OAI/2.0/OAI-PMH.xsd"><responseDate>2026-06-06T07:43:42Z</responseDate><request verb="GetRecord" identifier="oai:docta.ucm.es:20.500.14352/2573" metadataPrefix="marc">https://docta.ucm.es/rest/oai/request</request><GetRecord><record><header><identifier>oai:docta.ucm.es:20.500.14352/2573</identifier><datestamp>2024-09-30T13:22:31Z</datestamp><setSpec>com_20.500.14352_14</setSpec><setSpec>col_20.500.14352_20</setSpec></header><metadata><record xmlns="http://www.loc.gov/MARC21/slim" xmlns:dcterms="http://purl.org/dc/terms/" xmlns:xsi="http://www.w3.org/2001/XMLSchema-instance" xmlns:doc="http://www.lyncode.com/xoai" xsi:schemaLocation="http://www.loc.gov/MARC21/slim http://www.loc.gov/standards/marcxml/schema/MARC21slim.xsd">
   <leader>00925njm 22002777a 4500</leader>
   <datafield ind2=" " ind1=" " tag="042">
      <subfield code="a">dc</subfield>
   </datafield>
   <datafield ind2=" " ind1=" " tag="720">
      <subfield code="a">Blasco Castiñeyra, Selina</subfield>
      <subfield code="e">author</subfield>
   </datafield>
   <datafield ind2=" " ind1=" " tag="720">
      <subfield code="a">Pérez Iglesias, Javier</subfield>
      <subfield code="e">author</subfield>
   </datafield>
   <datafield ind2=" " ind1=" " tag="260">
      <subfield code="c">2022-05-29</subfield>
   </datafield>
   <datafield ind2=" " ind1=" " tag="520">
      <subfield code="a">Somos sufridas ciudadanas y solo por eso estamos sujetas a los maltratos que se gasta la santa y cansina burocracia. También somos bibliotecarias, profesoras e investigadoras, y aunque sus modos y manifestaciones son inagotables, conocemos bien muchas de las formas con que aprieta en la academia. 
¡Ojo! Nunca nos gustaron los corsés, ni siquiera cuando tenían ballenas. Como reacción a su imaginación y su ilimitada capacidad de sorpresa, nos sobreponemos al estupor inicial y nos sentimos obligadas a responder con enérgicas protestas. Todo lo que se haga (porque efectivamente se acaba haciendo), se hará por encima de nuestros pisoteados cadáveres. 
Las situaciones a las que nos referimos son tantas que no cabrían en este abstract, pero pasen y vean. Quienes estén dispuestas a escucharnos verán maneras, cosas y casos que les convencerán de que para cada uno de los ataques existen muchas posibilidades de respuesta. Suma y sigue. La burocracia es como la banca: siempre gana. Pero nada es gratis.</subfield>
   </datafield>
   <datafield ind1="8" ind2=" " tag="024">
      <subfield code="a">https://hdl.handle.net/20.500.14352/2573</subfield>
   </datafield>
   <datafield ind1="8" ind2=" " tag="024">
      <subfield code="a">https://sociologiaordinaria.com/</subfield>
   </datafield>
   <datafield ind2="0" ind1="0" tag="245">
      <subfield code="a">Pasar por el aro después de incordiar lo nuestro: reacciones ordinarias frente a la grosería académica</subfield>
   </datafield>
</record></metadata></record></GetRecord></OAI-PMH>